Cómo criar hijos con actitudes positivas en un mundo negativo /

Conjunto de recomendaciones para la crianza y formación de los hijos, proceso enfocado desde una visión declaradamente optimista y con un énfasis en mostrar a los padres de familia cómo transformarse en unos "ganadores" en la vida: 1) Formar bien a los hijos es sencillo... pero no fácil; 2) Tenemos...

وصف كامل

محفوظ في:
التفاصيل البيبلوغرافية
المؤلف الرئيسي: Ziglar, Zig (autor)
التنسيق: كتاب
اللغة:الإسبانية
منشور في: Bogotá, Colombia : Norma, 1986, c1986
الموضوعات:
الوسوم: إضافة وسم
لا توجد وسوم, كن أول من يضع وسما على هذه التسجيلة!

MARC

LEADER 00000nam^a2200000^a^4500
001 000271954
005 20250521000000.0
008 080208 19861986
009 20260310111044.923
020 |a 958-04-0266-3 
025 |a Donación sin dato, 1 ejemplar 
037 |a Acervo ITESO - Biblioteca 
041 |a ESP 
082 |a 370. 19312  |b ZIG 
100 |a Ziglar, Zig  |e (autor) 
245 1 0 |a Cómo criar hijos con actitudes positivas en un mundo negativo /  |c Z. Ziglar ; tr. por Editorial Norma. 
264 4 |a Bogotá, Colombia :  |b Norma,  |c 1986, c1986 
300 |a 254 p. 
336 |a texto  |b txt  |2 rdacontenido 
337 |a sin mediación  |b n  |2 rdamedio 
338 |a volumen  |b nc  |2 rdasoporte 
500 |a Traducción de: Raising Positive Kids in a Negative World 
520 |a Conjunto de recomendaciones para la crianza y formación de los hijos, proceso enfocado desde una visión declaradamente optimista y con un énfasis en mostrar a los padres de familia cómo transformarse en unos "ganadores" en la vida: 1) Formar bien a los hijos es sencillo... pero no fácil; 2) Tenemos problemas; 3) Cualidades de los que tienen éxito; 4) Motivación y pensamiento positivo; 5) Pasos positivos para desarrollar en los hijos un carácter positivo; 6) El niño tridimensional; 7) Para un niño, el amor es tiempo; 8) La educación del carácter es obra de equipo; 9) Comunicación con la familia; 10) Una buena imagen de sí mismo; 11) El problema sexual; 12) Abuso y persecución sexual; 13) El perdón: lo más positivo de la vida; 14) La disciplina: clave de un carácter positivo; 15) La perseverancia positiva produce hijos positivos y 16) El amor verdadero. 
649 |a XX 
650 |a Niños -  |x Condiciones Psicológicas 
650 |a Educación Familiar -  |x Tema Principal 
650 |a Paternidad 
650 |a Relaciones Padres-Hijos 
650 |a Relaciones Familiares 
650 |a Familia 
650 |a Psicología Evolutiva 
650 |a Psicología Positiva 
650 |a Psicología Popular 
650 |a Educación 
910 |a Fondo General 
920 |a Impresos - Libros 
930 |a Colección General 
905 |a 101 
901 |a 0500157575  |b IT1  |c ACC  |i D  |u 20250521 
902 |a https://opac.biblio.iteso.mx/vufind/Record/000271954